Städte im Flusssystem des Rheins - Sudden Death - Statistiken

Allgemein
  • Dieses Quiz wurde 99 mal gespielt
  • Das Durchschnittsergebnis liegt bei 7 aus 15
Answers on the Grid
Answers color-coded by a green-red scale on the quiz's grid according to % correct below.
Rheine
Basel
Augsburg
Speyer
Nürnberg
Rotterdam
Kassel
Ulm
Saarbrücken
Genf
Regensburg
Mannheim
Dortmund
Heilbronn
Innsbruck
Bamberg
Fulda
Bielefeld
Gelsenkirchen
Hannover
Hof
Aschaffenburg
Gotha
Kaiserslautern
Marburg
Münster
Gera
Mailand
Siegen
Lippstadt
 
Antwortstatistiken
Antwort % Korrekt
Basel
81%
Speyer
74%
Mannheim
69%
Dortmund
56%
Rotterdam
54%
Gelsenkirchen
49%
Siegen
47%
Saarbrücken
43%
Kaiserslautern
37%
Marburg
37%
Heilbronn
35%
Lippstadt
35%
Aschaffenburg
34%
Bamberg
26%
Nürnberg
12%
Keine übereinstimmenden Quizze gefunden
Verteilung der Resultate
Anzahl Personen mit jedem Resultat
Perzentil nach korrekt beantworteten Fragen
Ihre Resultats-Entwicklung
Sie haben dieses Quiz noch nicht gespielt